On This Day (August 13th) Multiple Choice - Statistics

General Stats
  • This quiz has been taken 3 times
  • The average score is 8 of 15
Answer Stats
Question Answer % Correct
29 BC – Octavian holds the first of three consecutive triumphs in Rome to celebrate the victory over the tribes from which region ? Dalmatia
100%
1960 – The Central African Republic declares independence from which nation ? France
100%
1969 – The Apollo 11 astronauts are honoured in what way in New York City ? Ticker Tape Parade
100%
1553 – Michael Servetus is arrested as a heretic by John Calvin in which European city ? Geneva
67%
2008 – Russian units occupy part of which country ? Georgia
67%
1942 – The U.S. Army Corps of Engineers authorizes the construction of facilities that would house the "Development of Substitute Materials" project, better known as what ? Manhattan Project
67%
1954 – Radio Pakistan broadcasts what for the first time ? National Anthem
67%
1889 – William Gray of Hartford, Connecticut is granted United States Patent Number 408709 for what invention ? A coin-controlled apparatus for telephones
33%
1792 – King Louis XVI of France is formally arrested by the National Tribunal, and declared to be what ? An enemy of the people.
33%
1918 – Which motor car manufacturer is established as a public company in Germany ? BMW
33%
1650 – Colonel George Monck of the English Army forms Monck's Regiment of Foot, which will later become which regiment ? Coldstream Guards
33%
1645 – Sweden and which other nation sign Peace of Brömsebro ? Denmark
33%
523 – Who becomes the new Pope after the death of Pope Hormisdas ? Pope John I
33%
1913 – The first production in the UK of which product ? Stainless Steel
0%
1964 – Peter Allen and Gwynne Evans are hanged for the murder of John Alan West becoming the last people to be executed in which country ? United Kingdom
0%
No matching quizzes found
Score Distribution
Percent of People with Each Score
Percentile by Number Answered
Your Score History
You have not taken this quiz